Amino Acid 1 Letter Codes - Statistics

General Stats
  • This quiz has been taken 385 times
  • The average score is 9 of 10
Answer Stats
1 Letter Code Answer % Correct
H Histidine
97%
L Leucine
97%
P Proline
97%
V Valine
97%
C Cysteine
94%
R Arginine
93%
I Isoleucine
93%
D Aspartic acid
92%
G Glycine
92%
S Serine
92%
W Tryptophan
92%
F Phenylalanine
91%
A Alanine
90%
M Methionine
90%
T Threonine
88%
Y Tyrosine
87%
K Lysine
86%
E Glutamic acid
82%
Q Glutamine
81%
N Asparagine
78%
No matching quizzes found
Score Distribution
Percent of People with Each Score
Percentile by Number Answered
Your Score History
You have not taken this quiz